Los Angeles Clippers 2020's Starters - Statistics

General Stats
  • This quiz has been taken 555 times
    48 since last reset
  • The average score is 8 of 15
Answer Stats
Player Starts % Correct
Ivica Zubac 5
100%
Kawhi Leonard 5
100%
Paul George 5
100%
James Harden 3
91%
Reggie Jackson 3
55%
Derrick Jones Jr. 2
50%
Nicolas Batum 2
50%
Kris Dunn 2
45%
Patrick Beverley 1
45%
Marcus Morris 2
43%
John Collins 1
41%
Norman Powell 1
41%
Terance Mann 1
18%
Serge Ibaka 1
14%
Maurice Harkless 1
11%
No matching quizzes found
Score Distribution
Percent of People with Each Score
Percentile by Number Answered
Your Score History
You have not taken this quiz since the last reset